Statistiken für Alle Minderheiten Saudi-Arabiens

Klicken Sie hier um das Quiz zu spielen!

Allgemein

  • Dieses Quiz wurde 26 mal gespielt
  • Das Durchschnittsergebnis liegt bei 13 aus 16

Antwortstatistiken

BevölkerungLand% Korrekt
2,550,000Indien
100%
2,450,000Pakistan
100%
260,000Jordanien
95%
900,000Ägypten
90%
1,000,000Jemen
90%
2,500,000Syrien
90%
200,000Türkei
90%
1,300,000Bangladesch
80%
850,000Indonesien
80%
300,000Libanon
80%
65,000Somalia
80%
250,000Sudan
70%
350,000Sri Lanka
65%
500,000Myanmar
60%
315,000Nepal
55%
1,600,000Philippinen
50%

Verteilung der Resultate

Perzentil nach korrekt beantworteten Fragen

Anzahl Personen mit jedem Resultat

Ihre Resultats-Entwicklung

Sie haben dieses Quiz noch nicht gespielt